The house of war (Record no. 114893)

MARC details
000 -LEADER
fixed length control field 00475 a2200157 4500
005 - DATE AND TIME OF LATEST TRANSACTION
control field 20260417114441.0
008 - FIXED-LENGTH DATA ELEMENTS--GENERAL INFORMATION
fixed length control field 260105b |||||||| |||| 00| 0 eng d
020 ## - INTERNATIONAL STANDARD BOOK NUMBER
International Standard Book Number 9781472864338
080 ## - UNIVERSAL DECIMAL CLASSIFICATION NUMBER
Universal Decimal Classification number 930.9
Item number MAY/H
100 ## - MAIN ENTRY--PERSONAL NAME
Personal name Mayall,Simon
245 ## - TITLE STATEMENT
Title The house of war
Remainder of title :The struggle between Christendom and the Caliphate
260 ## - PUBLICATION, DISTRIBUTION, ETC. (IMPRINT)
Name of publisher, distributor, etc Osprey publishing.
Place of publication, distribution, etc USA.
Date of publication, distribution, etc 2024.
300 ## - PHYSICAL DESCRIPTION
Extent 352p.
653 ## - INDEX TERM--UNCONTROLLED
Uncontrolled term World History-History of Christendom-Caliphate conflict
942 ## - ADDED ENTRY ELEMENTS (KOHA)
item type Under processing
Holdings
Lost status Source of classification or shelving scheme Not for loan Home library Current library Shelving location Date acquired Cost, normal purchase price Total Checkouts Full call number Barcode Date last seen Cost, replacement price Price effective from Koha item type
  Universal Decimal Classification Not For Loan University Library University Library On Display 19/03/2025 1999.20   930.9 MAY/H 00097220 19/03/2025 2499.00 19/03/2025 Books
University Library, CUSAT